000 00791cam a22002533a 4500
001 7210
003 PGUSA
005 20140828083142.0
008 050101s2005||||xxu|||||s|||||000 1 eng d
040 _aPGUSA
_beng
042 _adc
050 4 _aPZ
100 1 _aPenrose, Margaret
245 1 4 _aThe Motor Girls on Waters Blue; Or, the Strange Cruise of the Tartar
_h[electronic resource] /
_cMargaret Penrose
260 _bProject Gutenberg,
_c2005
506 _aPublic domain in the USA.
516 _aElectronic text
653 _aGirls -- Societies and clubs -- Juvenile fiction
653 _aMotorboats -- Juvenile fiction
653 _aCaribbean Area -- Juvenile fiction
830 0 _aProject Gutenberg
_v7210
856 4 0 _uhttp://www.gutenberg.org/ebooks/7210
942 _cEB
999 _c236530
_d236530